• 首页
  • 本馆介绍
  • 公告通知
  • 最新文献
  • 馆藏检索
  • 电子资源
  • 读者导购
  • 参考咨询
  • 我的图书馆
  • 登录
  • 详细信息显示
  • 放入我的书架
  • 预约/预借图书
  • 作者相关作品
  • 分类相关作品
  • 丛书相关作品
  • 出版社相关作品

书目信息

  • 表格格式
  • 工作单格式
  • 卡片格式
题名:
海洋文化经典译介
    
 
作者: 陈橙 , 齐珮 主编
分册: 第2辑  
出版信息: 北京   中央编译出版社  2016
页数: 244页
开本: 24cm
丛书名: 上海海洋大学海外中国形象研究丛书
单 册:
中图分类: H315.9 , H365.9
科图分类:
主题词: 海洋--hai yang--文化--英语--翻译--研究 , 海洋--hai yang--文化--日语--翻译--研究 , 海洋--hai yang--文化--朝鲜语--翻译--研究
电子资源:
ISBN: 978-7-5117-3015-2
000 01259nam0 22003131 450
001 1731240697
005 20170602161216.0
010    @a978-7-5117-3015-2@dCNY49.00
100    @a20160715d2016 em y0chiy50 ea
101 0  @achi
102    @aCN@b110000
105    @aa z 000yy
106    @ar
200 1  @a海洋文化经典译介@Ahai yang wen hua jing dian yi jie@h第2辑@f陈橙,齐珮主编
210    @a北京@c中央编译出版社@d2016
215    @a244页@c图,照片@d24cm
225 2  @a上海海洋大学海外中国形象研究丛书@Ashang hai hai yang da xue hai wai zhong guo xing xiang yan jiu cong shu
304    @a英文共同题名:Translation studies on marine cultural classics
330    @a本书精选英、日、韩三语种具有代表性的海洋文化经典著作,内容涉及海洋文学、海洋文明传播、海洋人类学、海洋文化旅游资源开发与保护等重要研究领域。
461  0 @12001 @a上海海洋大学海外中国形象研究丛书
606 0  @a海洋@Ahai yang@x文化@x英语@x翻译@x研究
606 0  @a海洋@Ahai yang@x文化@x日语@x翻译@x研究
606 0  @a海洋@Ahai yang@x文化@x朝鲜语@x翻译@x研究
690    @aH315.9@v5
690    @aH365.9@v5
701  0 @a陈橙@Achen chen@c(女,@f1982~)@4主编
701  0 @a齐珮@Aqi pei@c(女,@f1978~)@4主编
801  0 @aCN@bTANG WEI@c20170527
905    @b0970658-62@dH315.9@e697@f5
    
    海洋文化经典译介.第2辑/陈橙,齐珮主编.-北京:中央编译出版社,2016
    244页:图,照片;24cm.-(上海海洋大学海外中国形象研究丛书)
    
    
    ISBN 978-7-5117-3015-2:CNY49.00
    本书精选英、日、韩三语种具有代表性的海洋文化经典著作,内容涉及海洋文学、海洋文明传播、海洋人类学、海洋文化旅游资源开发与保护等重要研究领域。
●
相关链接 在E读中查询图书 在五车中查询图书 在当当中查询图书 在豆瓣中查询图书


正题名:海洋文化经典译介     索取号:H315.9/697         预约/预借

序号 登录号 条形码 馆藏地/架位号 状态 备注
1 0970658   209706585   第二样本阅览室/ [索取号:H315.9/697] 在馆    
2 0970659   209706594   第四借阅区/ [索取号:H315.9/697] 在馆    
3 0970660   209706601   第四借阅区/ [索取号:H315.9/697] 在馆    
4 0970661   209706610   第四借阅区/ [索取号:H315.9/697] 在馆    
5 0970662   209706629   第四借阅区/ [索取号:H315.9/697] 在馆    
唐山师范学院图书馆 欢迎您!
大连网信软件有限公司© 版权所有